000 00625nam a2200217Ia 4500
008 191130s1999##################000#0#eng##
020 _a0521641284
022 _a98038601
040 _aACL
_cACL
082 _a330.16 BIR
100 _aBird, Colin
245 _aThe myth of liberal individualism
_cColin Bird
260 _aCambridge
_bCambridge University Press
_c1999
300 _aix, 223 p. ; 24 cm
500 _aIncludes bibliographical references (p. 212-223) and index
650 _aIndividualism
650 _aLiberalism
990 _a028f729fac10000c1088cb6e66423d4c
991 _a43448
999 _c294202
_d294202